000
00270nam a22001217a 4500
008
180208b xxu||||| |||| 00| 0 eng d
041
_a
eng
080
_a
32
100
_a
22
101
_a
POL
245
_a
AMERICAN POLITICAL EXPERIENCE
_c
LESTER.L
942
_2
udc
_c
BK
999
_c
42072
_d
42072